| 000 | 00945nam a22002651 4500 | ||
|---|---|---|---|
| 001 | 134732 | ||
| 003 | ES-MaACL | ||
| 005 | 20250822062534.0 | ||
| 007 | t| | ||
| 008 | 070913s1961 sp ||||0| spa d | ||
| 016 | 7 | _zIND2000944991 | |
| 040 |
_aM-BN _bspa _cCDM |
||
| 080 | _a75(Goya y Lucientes, Francisco de) | ||
| 100 | 1 |
_aWight, Frederick S. _9116792 |
|
| 245 | 1 | 1 |
_a(Francisco José de Goya y Lucientes), Goya _b: 1746-1828 / _ctexto de Frederick S. Wight... ; traducción de S. Santos Torroella. |
| 260 |
_aBarcelona : _bTimún Mas : _b[Ariel], _c1961. |
||
| 300 |
_a17 p., 8 h. de lám., lám. en col. 11-30 : _bil. ; _c17 cm. |
||
| 490 | 1 | _ael libro de arte de bolsillo | |
| 600 | 1 | 4 |
_aGoya, Francisco de, _d1746-1828 _9240353 |
| 700 | 1 |
_aSantos Torroella, Rafael. _9103536 |
|
| 830 | 0 |
_ael libro de arte de bolsillo _9183601 |
|
| 852 |
_aES-MaACL _jC-26500 _bR.55493 |
||
| 942 | _2udc | ||
| 999 |
_c134732 _d134732 |
||